| 000 | 00564nam a2200205 b 4500 | ||
|---|---|---|---|
| 003 | OSt | ||
| 005 | 20150317112550.0 | ||
| 008 | 060215s2005 sp | ||| ||spa | ||
| 020 | _a84-7888-986-8 | ||
| 040 | _cBMC | ||
| 082 | _a869.8991 | ||
| 100 | 1 |
_aTavares, Miguel Sousa _931101 |
|
| 245 | 1 | 3 |
_aEl gobernador _cMiguel Sousa Tavares ; [traducción, Dante Hermo Rueda] |
| 250 | _a1ª ed | ||
| 260 |
_aBarcelona _bSalamandra _c2005 |
||
| 300 |
_a413 p. _c23 cm |
||
| 650 | 2 | 4 |
_929444 _aNovela portuguesa |
| 700 | 1 |
_931102 _aHermo Rueda, Dante |
|
| 942 |
_2ddc _cBK |
||
| 999 |
_c18078 _d18078 |
||